Flagi do stolic #2 - Statystyki

Ogólne statystyki
  • Ten quiz został rozwiązany 2 678 razy
  • Średni wynik to 14 z 20
Statystyki odpowiedzi
Obrazkowy Odpowiedź % Poprawnych
Londyn
100%
Tokio
99%
Rzym
98%
Sztokholm
95%
Bruksela
90%
Pjongjang
77%
Sarajewo
76%
Tunis
73%
Hawana
71%
Teheran
69%
Astana
68%
Wellington
66%
Nairobi
62%
Tajpej
60%
Katmandu
54%
Quito
53%
Dhaka
51%
Trypolis
47%
Kinszasa
44%
Suva
30%
Nie znaleziono quizów pasujących do podanych kryteriów
Rozkład punktacji
Procent ludzi z każdym wynikiem
Percentyl według liczby udzielonych odpowiedzi
Twoja historia wyników
Nie rozwiązałeś tego quizu